| 000 | 00602nam a2200229Ia 4500 | ||
|---|---|---|---|
| 003 | OSt | ||
| 005 | 20230426151246.0 | ||
| 008 | 210423s2011 xx 000 0 und d | ||
| 020 | _a9788180697777 | ||
| 040 | _cAL | ||
| 041 | _aeng | ||
| 082 |
_a361.3 _223 _bNALR |
||
| 100 |
_aNALINI (R) _993565 |
||
| 245 | _aSocial work and the workplace | ||
| 260 |
_aNew Delhi _bConcept publishing company _c2011 |
||
| 300 |
_axxiv,190 _bHB |
||
| 365 |
_b430 _cINR |
||
| 650 |
_aSocial Problems & Services _993566 |
||
| 650 |
_aSocial Work _993567 |
||
| 906 | _aSocial ; work ; workplace | ||
| 942 |
_2ddc _cBK |
||
| 999 |
_c161136 _d161136 |
||